00334 a2200145 450000100060000002000060000604000220001210000220003424000340005624500290009030000060011936200090012544000230013465000310015755437 a  cAnchieta - Pituba aCésar e Rodrigo10a1ª Inglês, Il unidadelpor10a1ª Inglês, Il unidade a50 a2017 1aColégio Anchieta 4aInglês e inglês antigo